000 01183nam a22002055i 4500
001 153214
003 ES-MaACL
005 20230906205057.0
008 040901m18551863it |||| | ita d
040 _aCAM
_bspa
_cCAM
245 0 0 _aCommentario del codice di procedura civile per gli stati sardi
_b: con la comparazione degli altri Codici Italiani, e delle principali legislazioni straniere /
_ccompilato dagli P.S. Mancini, G. Pisanelli, A. Scialoia.
260 _aTorino :
_bPresso l'Amministrazione della Società Editrice,
_c1855-1863 (
_fStamperia dell'Unione Tipografico-Editrice Torinese)
300 _a6 v. ;
_c25 cm.
594 _aEn la port. del t.IV consta "volume terzo" y al final del texto "fine del volume quarto"
597 _aT.I, 1855 (787 p.) - T.I, parte II, 1857 (784 p.) - T.II, 1855 (548 p.) - T.III, 1861 (372 p.) - T. IV, 1857 (640 p.) - T.V, parte I, 1858 (660 p.) - T.V, parte II, 1856 (247 p.) - T.VI, Appendici e indice generale, 1863 (196 p.)
700 1 1 _aPisanelli, Giuseppe.
_992363
700 1 1 _aScialoia, Antonio.
_9132594
700 1 1 _aMancini, Pasquale Stanislao.
_975932
852 _aES-MaACL
_jG-14155-60
_z-- Enc. hol.
_z-- 8 t. en 6 v.
999 _c153214
_d153214